Complete the Card - WWE WrestleMania 41 - Statystyki

Ogólne statystyki
  • Ten quiz został rozwiązany 29 razy
  • Średni wynik to 24 z 34
Statystyki odpowiedzi
Night 1 or 2 Championship Stipulation W \ L Odpowiedź % Poprawnych
2 Undisputed WWE Championship Main Event - (c) Loser Cody Rhodes
95%
1 Male Main Event Triple Threat Loser Roman Reigns
95%
1 Male Main Event Triple Threat Winner Seth Rollins
95%
1 Male Main Event Triple Threat Loser CM Punk
89%
2 Intercontinental Championship Winner Dominik Mysterio
89%
1 World Heavyweight Championship (c) Loser Gunther
89%
1 World Heavyweight Championship Winner Jey Uso
89%
2 Intercontinental Championship Loser Finn Balor
84%
2 Undisputed WWE Championship Main Event Winner John Cena
84%
2 Intercontinental Championship Loser PENTA
84%
1 Women's Championship Loser Charlotte Flair
79%
2 Women's World Championship (c) Winner Iyo Sky
79%
2 Women's World Championship Loser Rhea Ripley
79%
1 World Tag Team Championship Winner The New Day
79%
1 World Tag Team Championship (c) Loser Viking Raiders
79%
2 Women's Tag Team Championship Winner Becky Lynch
74%
2 Male Sin City Street Fight Winner Drew McIntyre
68%
1 Women's Championship (c) Winner Tiffany Stratton
68%
2 Women's World Championship Loser Bianca Belair
63%
2 Intercontinental Championship (c) Loser Bron Breakker
63%
2 Male Sin City Street Fight Loser Damian Priest
63%
1 Female 1v1 Winner Jade Cargill
63%
2 Women's Tag Team Championship (c) Loser Liv Morgan
63%
1 Female 1v1 Loser Naomi
63%
2 Male 1v1 Winner Randy Orton
63%
1 US Championship (c) Loser LA Knight
58%
2 Male 1v1 Winner Logan Paul
58%
1 US Championship Winner Jacob Fatu
53%
2 Male 1v1 Loser Joe Hendry
53%
2 Women's Tag Team Championship (c) Loser Rachel Rodriguez
53%
2 Male 1v1 Loser AJ Styles
47%
2 Women's Tag Team Championship Winner Lyra Valkyria
47%
1 Male 1v1 Winner El Grande Americano
37%
1 Male 1v1 Loser Rey Fenix
26%
Nie znaleziono quizów pasujących do podanych kryteriów
Rozkład punktacji
Procent ludzi z każdym wynikiem
Percentyl według liczby udzielonych odpowiedzi
Twoja historia wyników
Nie rozwiązałeś tego quizu